Normal view
MARC view
- Lasers
Entry Topical Term
001 - CONTROL NUMBER
- control field: 55991
003 - CONTROL NUMBER IDENTIFIER
- control field: NUST
005 - DATE AND TIME OF LATEST TRANSACTION
- control field: 20210628201613.0
008 - FIXED-LENGTH DATA ELEMENTS
- fixed length control field: 210628|| aca||aabn | a|a d
040 ## - CATALOGING SOURCE
- Original cataloging agency: NUST
- Transcribing agency: NUST
150 ## - HEADING--TOPICAL TERM
- Topical term or geographic name entry element: Lasers
- General subdivision: Industrial applications
670 ## - SOURCE DATA FOUND
- Source citation: Work cat.: (NUST): Steen, William M, Mazumder, Jyotirmoy 55990, Laser material processing
